Compendio de derecho laboral peruano
Salvato in:
| Autori principali: | , , , , , |
|---|---|
| Natura: | Libro |
| Lingua: | spagnolo |
| Pubblicazione: |
Lima
ECB Ediciones
2015
Lima Thomson Reuters 2015 |
| Edizione: | 7a. ed |
| Serie: | Asesoría Laboral
|
| Soggetti: | |
| Tags: |
Aggiungi Tag
Nessun Tag, puoi essere il primo ad aggiungerne!!
|
MARC
| LEADER | 00000cam a2200000 a 4500 | ||
|---|---|---|---|
| 001 | UCD6387 | ||
| 003 | CL-VaPUC | ||
| 008 | 161201e20150000pe |||||||||||||||||spa|d | ||
| 020 | |a 9786124293160 | ||
| 082 | 0 | 4 | |a 344.8501 |b CAS |2 21 |
| 100 | 0 | |a Castillo, Jorge |e author |9 590214 | |
| 700 | 0 | |a Demartini, Fiorella |e author |9 590215 | |
| 700 | 0 | |a Flores, Renán |e author |9 590216 | |
| 700 | 0 | |a Feria, Patricia |e author |9 590217 | |
| 700 | 0 | |a Angulo, José |e author |9 590218 | |
| 700 | 0 | |a Pineda, Lyanee |e author |9 590219 | |
| 245 | 1 | 0 | |a Compendio de derecho laboral peruano |
| 250 | |a 7a. ed | ||
| 300 | |a 911 p | ||
| 942 | |c BK | ||
| 945 | |d 20161201 17:35:00 |a arojas | ||
| 260 | |a Lima |b ECB Ediciones |c 2015 | ||
| 260 | |a Lima |b Thomson Reuters |c 2015 | ||
| 650 | 7 | |a DERECHO LABORAL |2 CL-VaPUC |9 15 | |
| 650 | 0 | |a Procedimiento laboral |9 256714 | |
| 650 | 0 | |a Trabajadores |9 260887 | |
| 650 | 0 | |a Trabajo y empleo |9 315054 | |
| 650 | 0 | |a Derecho peruano |9 386941 | |
| 583 | |a last modification |c 20161201 17:35:00 |k Rodrigo Vera | ||
| 490 | 0 | |a Asesoría Laboral | |
| 999 | |c 366740 |d 366738 | ||
| 952 | |0 0 |1 0 |3 erb |4 0 |6 344_850100000000000_CAS_2015_2015 |7 0 |8 A |9 481265 |a BIBDER |b BIBDER |i 5354749 |o 344.8501 CAS 2015 2015 |p 5354749 |r 2023-01-25 |w 2019-11-24 |y BK |z Catalogado en:20161201 |k DER | ||